Vplyv lokálnych charakteristík na ceny bytov v meste dizertačná práca

Gespeichert in:
Bibliographische Detailangaben
1. Verfasser: Síbert, Adam
Körperschaft: Národohospodárska fakulta EU. Katedra verejnej správy a regionálneho rozvoja
Weitere Verfasser: Rehák, Štefan, 1974-
Format: Buch
Sprache:Slowakisch
Veröffentlicht: Bratislava 2017
Schlagworte:
Tags: Tag hinzufügen
Keine Tags, Fügen Sie das erste Tag hinzu!

MARC

LEADER 00000nbm a2200000 4500
001 0235325
005 20240502073816.9
041 0 |a slo 
044 |a SK 
245 1 0 |a Vplyv lokálnych charakteristík na ceny bytov v meste  |b dizertačná práca  |c Adam Síbert ; školiteľ: Štefan Rehák 
264 1 |a Bratislava  |c 2017 
300 |a 103 s. 
610 2 0 |a bývanie 
610 2 0 |a byty 
610 2 0 |a nehnuteľnosti 
610 2 0 |a ceny 
610 2 0 |a modely cenové 
610 2 0 |a lokalizácia 
610 2 0 |a urbanizmus 
610 2 0 |a ekonomika priestorová 
610 2 0 |a výskum 
610 2 0 |a metódy výskumu 
100 1 |a Síbert, Adam 
700 1 |a Rehák, Štefan, 1974- 
710 2 |a Národohospodárska fakulta EU. Katedra verejnej správy a regionálneho rozvoja